Building down barriers (Record no. 103377)

MARC details
000 -LEADER
fixed length control field 01136cam a2200289 4500
008 - FIXED-LENGTH DATA ELEMENTS--GENERAL INFORMATION
fixed length control field 040308n2003 000 0 eng u
020 ## - INTERNATIONAL STANDARD BOOK NUMBER
International Standard Book Number 0415289653
020 ## - INTERNATIONAL STANDARD BOOK NUMBER
International Standard Book Number 0203398289
035 ## - SYSTEM CONTROL NUMBER
System control number (Sirsi) u125360
041 ## - LANGUAGE CODE
Language code of text/sound track or separate title eng
050 ## - LIBRARY OF CONGRESS CALL NUMBER
Classification number 658.99
-- 18
100 ## - MAIN ENTRY--PERSONAL NAME
Personal name Cain, C.
245 ## - TITLE STATEMENT
Title Building down barriers
Remainder of title a guide to construction best practice
260 ## - PUBLICATION, DISTRIBUTION, ETC.
Place of publication, distribution, etc. London
Name of publisher, distributor, etc. Spon
Date of publication, distribution, etc. 2003
300 ## - PHYSICAL DESCRIPTION
Extent xii, 139p.
Dimensions 20cm.
350 ## - PRICE (NR) (BK AM CF MU VM SE) [OBSOLETE]
Price 22.50
520 ## - SUMMARY, ETC.
Summary, etc. Aimed at members of the design and construction supply chain. This book explains and compares the main aspects of the three best practice standards: the Confederation of Construction Clients "Charter handbook"; The National Audit Office report "Modernising construction"; and the Department of Media, Culture and Sport report "Better public buildings." Also examines similar developments in the USA and Singapore.
650 ## - SUBJECT ADDED ENTRY--TOPICAL TERM
Topical term or geographic name entry element BUILDING DOWN BARRIERS
650 ## - SUBJECT ADDED ENTRY--TOPICAL TERM
Topical term or geographic name entry element BEST PRACTICE
650 ## - SUBJECT ADDED ENTRY--TOPICAL TERM
Topical term or geographic name entry element UNITED STATES
650 ## - SUBJECT ADDED ENTRY--TOPICAL TERM
Topical term or geographic name entry element SINGAPORE
650 ## - SUBJECT ADDED ENTRY--TOPICAL TERM
Topical term or geographic name entry element Procurement-old
650 ## - SUBJECT ADDED ENTRY--TOPICAL TERM
Topical term or geographic name entry element LATHAM REFORMS
650 ## - SUBJECT ADDED ENTRY--TOPICAL TERM
Topical term or geographic name entry element EGAN REFORMS
690 ## - LOCAL SUBJECT ADDED ENTRY--TOPICAL TERM (OCLC, RLIN)
Topical term or geographic name as entry element Procurement
9 (RLIN) 6260
942 ## - ADDED ENTRY ELEMENTS (KOHA)
Suppress in OPAC 0
Holdings
Withdrawn status Lost status Source of classification or shelving scheme Damaged status Not for loan Home library Current library Shelving location Date acquired Total Checkouts Full call number Barcode Date last seen Date last checked out Copy number Price effective from Koha item type
    Dewey Decimal Classification     London London Books 25/03/2004 20 658.99 CAI 30068786 06/08/2019 05/01/2010 1 06/08/2019 Book